00382nam a22001337a 450000500170000000800410001704100230005808200120008110000230009324500450011626000370016130000250019865000250022320240828135354.0240828b |||||||| |||| 00| 0 eng d aEnglish/Afrikaans  a349 LAW lEnglish/Afrikaans  aThe Laws of the Republic of Namibia 1992 aWindhoek: bBy Authority, c1992 b134 pages; c30 cm.  aLegal practice bLaw